| 000 | 00875nam a22002417a 4500 | ||
|---|---|---|---|
| 003 | OSt | ||
| 005 | 20150408114039.0 | ||
| 008 | 120524s2011 ua a g 00| 0 ara d | ||
| 020 | _a9789776298460 | ||
| 040 | _cMU | ||
| 082 | 0 | 4 |
_221 _a658.3124 _bس م ت |
| 100 | 1 |
_aسالم، محمود يحيى. _914928 |
|
| 245 | 1 | 0 |
_aتنمية الموارد البشرية = _bHuman resources development / _cتأليف محمود يحيى سالم. |
| 246 | 3 | 1 | _aHuman resources development |
| 250 | _aط. 1. | ||
| 260 |
_aالقاهرة : _bالمجموعة العربية للتدريب والنشر، _c2012. |
||
| 300 |
_a170 ص. ؛ _c24 سم. |
||
| 650 | 4 |
_aالتنمية الإدارية. _914929 |
|
| 650 | 4 |
_aالموارد البشريه. _914930 |
|
| 650 | 4 |
_aالتدريب الإداري. _914931 |
|
| 650 | 4 |
_aإدارة الأفراد. _912283 |
|
| 942 |
_2ddc _cDVD |
||
| 999 |
_c23668 _d258168 |
||